000 00739nam a2200289Ia 4500
001 48111
003 IT-RoPAU
008 130308s9999 xx 000 0 und d
040 _aIT-RoPAU
040 _cIT-RoPAU
041 _aITALIANO
100 _aBecherucci Luisa
100 _gCodice Aut. SPICS: 9413
245 _aMuseo (Il)
245 _bStoria della Pittura-10-Il Xx Secolo
250 _a1a ed.
260 _aNOVARA
260 _bDe Agostini
260 _c1986 [1° Ed.:1986 - Ed.Ling.Originale:1986]
300 _a"14 p. (prefazione: no ; testo: 14 [pagine: 126-139])"
650 _aENCICLOPEDIE DI PITTURA
650 _eCodice materia Spics: 5201
942 _cBK
957 _71
999 _c47864
_d47864
999 _bSI
999 _g1